| 000 | 01041nam a2200241Ia 4500 | ||
|---|---|---|---|
| 999 |
_c40940 _d40940 |
||
| 001 | 7587 | ||
| 003 | GE_BSU | ||
| 005 | 20231227104257.0 | ||
| 008 | 181216s1951||||ge |||||||||||||| ||geo|| | ||
| 040 | _cGE_BSU | ||
| 041 | _ageo | ||
| 080 | _a821.353.1-32 დ-72 | ||
| 100 |
_aდოლიძე, ნინო _919872 |
||
| 245 |
_aჭადრები ახალშენზე : _bმოთხრობა / _cნინო დოლიძე ; რედ. ერ. ქარელიშვილი ; მხატვ. შ. ბერიტაშვილი. |
||
| 260 | _a. | ||
| 264 |
_aთბილისი : _bსაბჭ.მწერლის გამ-ბა და სტ., _c1951. |
||
| 300 |
_a186 გვ. ; _c15 სმ. |
||
| 653 | _aმოთხრობა | ||
| 653 | _aჭადრები ახალშენზე | ||
| 700 |
_aქარელიშვილი, ერ. _eრედაქტორი _96120 |
||
| 700 |
_aბერიტაშვილი, შ. _eმხატვარი _920905 |
||
| 942 |
_cBK _2udc |
||